1449 1031 1308 1347 1786 1842 1136 1301 1235 1573 1562 1537 1375 1103 1864 1260 1824 1492 1270 1051 1111 1341 1783 1065 1522 1816 1919 1639 1582 1735 1554 1757 1286 1508 1088 1613 1452 1448 1596 1254 1152 1201 1423 1364 1583 1449 1094 1513 1455 1938 1581 1744 1503 1269 1706 1217 1593 1929 1258 1020 1391 1977 1676 1866 1511 1674 1353 1126 1609 1957 1919 1172 1591 1527 1393 1690 1016 1270 1156 1823 1940 1760 1913 1150 1281 1837 1279 1711 1110 1719 1786 1288 1074 1495 1695 1899 1813 1929 1545 BCNSPRNW ULIB Ver.6.0+V

เปลี่ยนเป็นภาษาไทย

Change to English
 แสดงรายละเอียดบรรณานุกรม
  กลับหน้าหลัก

Brief Record : Get Marc (ISO 2709) : E-mail record : QR code < ปิดหน้าต่าง
LEADER : 00000nam 2200000uu 4500
001    13399123478
003     ULIB
008    140924s2010||||usa 000 0 eng d
020    ^a9781608316083
041 0  ^aeng
060  4 ^aWY100.4^bW374H
100 1  ^aWeber, Janet.
245 10 ^aHealth assessment in nursing /^cJanet Weber, Jane H.Kelley.
250    ^a4th ed.
260    ^aPhiladelphia :^bWolters Kluwer Health/Lippincott Williams& Wilkins,^c2010.
300    ^axii, 881 p. :^bill. (some col.) ;^c29 cm. +^e1 CD-ROM (4 3/4 in.)
500    ^aLibrary has disc: Nu
504    ^aIncludes bibliographical references and index.
650  0 ^aNursing assessment.
700 1  ^aKelley, Jane,^d1944-
945    ^p0^l0^i20829
999    ^aทศพร เกษรทอง
รายการนี้ยังไม่มีแท็ก
คุณยังไม่ได้ล็อกอิน คุณสามารถมีกิจกรรมร่วมกับเว็บไซต์ได้ แต่ต้องล็อกอินก่อน ::
  ล็อกอิน

รายการสื่อสารสนเทศ

ลำดับที่ ประเภท เลขเรียก/บาร์โค้ด สถานที่ สถานะ
1. Book การพยาบาล
Book การพยาบาล
WY100.4 W374H ฉ.1 
  Barcode: 20829
ห้องสมุดวิทยาเขตนครสวรรค์
►หนังสือทั่วไป:l:General Books
บนชั้น

รายการใกล้เคียง
    หัวเรื่อง [Nursing assessment.]

BibComment


ยังไม่เคยถูกคอมเมนท์

คอมเมนท์ทรัพยากรรายการนี้
  คอมเมนท์: Health assessmen..


 Copyright 2026. Bcnsprnw @Library